| 000 | 01605nam0a2200385 4500 | ||
|---|---|---|---|
| 001 | RU\NLR\BIBL_A\022724443 | ||
| 005 | 20260426072617.0 | ||
| 010 |
_a978-5-00250-620-0 _95000 |
||
| 021 |
_aRU _bКН-П-25-079055 _9КН-П-25-7662 |
||
| 035 | _a(NLR Aleph) 022724443 | ||
| 090 |
_a13692964 _c13692964 |
||
| 100 | _a20260210d2026 k y0rusy50 ca | ||
| 101 | 0 | _arus | |
| 102 | _aRU | ||
| 105 | _aach z 000yy | ||
| 181 | 0 |
_ai3 _baxxe |
|
| 181 | 0 |
_ab2 _bxb2e |
|
| 182 | 0 | _an | |
| 200 | 1 |
_aЗнахари и колдуны на Руси _eтравники, костоправы, повивальные бабки и другие "знающие" _fГалина Поповкина |
|
| 203 |
_aТекст _aИзображение _bвизуальные _cнепосредственные |
||
| 210 |
_aМосква _cМИФ _d2026 (печ. 2025) |
||
| 215 |
_a221, [2] с. _cцв. ил., портр., факс. _d20 |
||
| 225 | 1 | _aСтрашно интересная Россия | |
| 320 | _aБиблиогр.: с. 214-215 | ||
| 320 | _aБиблиогр. в примеч.: с. 216-222 и в подстроч. примеч. | ||
| 333 | _a16+ | ||
| 606 | 1 |
_aКолдовство _yРоссия _92135381 _3RU\NLR\AUTH\661287707 |
|
| 606 | 1 |
_aЗнахарство _jПопулярные издания _91152993 _3RU\NLR\AUTH\66460372 |
|
| 686 | 1 | _aР359.2я9 | |
| 686 | 1 | _aЭ240.03-39(2) | |
| 700 | 1 |
_7ca _8rus _aПоповкина _bГ. С. _gГалина Сергеевна _963355 _3RU\NLR\AUTH\7780427 |
|
| 942 | _cBOOK | ||
| 980 | _aNB | ||